Obras completas. tomo 3 [nietzsche] /
Guardado en:
| Autor Principal: | |
|---|---|
| Formato: | Libro |
| Publicado: |
Argentina :
Aguilar,
1951
|
| Materias: | |
| Etiquetas: |
Agregar Etiqueta
Sin Etiquetas, Sea el primero en etiquetar este registro!
|
| LEADER | 00517nam a22001575a 4500 | ||
|---|---|---|---|
| 001 | EHU.bham015721 | ||
| 003 | AR-BHAM | ||
| 005 | 20061122154735.0 | ||
| 008 | 130507s1951##################000#0#####d | ||
| 082 | 1 | 9 | |a 193 |
| 100 | 1 | |a Nietzsche, Federico | |
| 245 | 1 | 0 | |a Obras completas. tomo 3 [nietzsche] / |c Federico Nietzsche , , |
| 260 | |a Argentina : |b Aguilar, |c 1951 | ||
| 505 | 0 | |a Humano, demasiado humano (1874-1878)(I) | |
| 653 | |a Filosofia alemana | ||
| 859 | |a AR-BHAM |b BIB. HUMANIDADES - CONICET |h 193 |i N558 |p 45.60 |t Ej.1 |v III CN235 |3 III | ||
